[Event "marquesdepombal"]
[Site "?"]
[Date "2024.10.05"]
[Round "4.1"]
[White "Ryabukhin, Roman"]
[Black "Veiga, Jose Francisco"]
[Result "1-0"]
[LiveChessVersion "1.4.8"]
[BlackElo "2412"]
[WhiteElo "2195"]

1. d4 {[%clk 1:29:06]} Nf6 {[%clk 1:22:44]} 2. c4 {[%clk 1:29:16]} g6
{[%clk 1:22:59]} 3. Nc3 {[%clk 1:29:33]} Bg7 {[%clk 1:23:23]} 4. e4
{[%clk 1:29:58]} d6 {[%clk 1:23:50]} 5. Be2 {[%clk 1:30:16]} O-O {[%clk 1:24:11]}
6. Be3 {[%clk 1:30:44]} Nbd7 {[%clk 1:23:19]} 7. Qc2 {[%clk 1:30:30]} e5
{[%clk 1:21:34]} 8. d5 {[%clk 1:30:32]} a5 {[%clk 1:20:37]} 9. h4
{[%clk 1:30:46]} b6 {[%clk 1:15:30]} 10. h5 {[%clk 1:29:20]} Nc5 {[%clk 1:15:30]}
11. h6 {[%clk 1:23:50]} Bh8 {[%clk 1:15:37]} 12. f3 {[%clk 1:21:14]} Nh5
{[%clk 1:14:32]} 13. g4 {[%clk 1:21:42]} Nf4 {[%clk 1:11:47]} 14. Bf1
{[%clk 1:20:29]} f5 {[%clk 1:04:51]} 15. gxf5 {[%clk 1:20:35]} gxf5
{[%clk 1:05:16]} 16. O-O-O {[%clk 1:19:40]} Bf6 {[%clk 1:02:05]} 17. Nh3
{[%clk 1:07:20]} Ng6 {[%clk 0:58:31]} 18. exf5 {[%clk 0:52:14]} Nh4
{[%clk 0:57:46]} 19. Bxc5 {[%clk 0:52:19]} bxc5 {[%clk 0:56:33]} 20. Bd3
{[%clk 0:51:42]} Kh8 {[%clk 0:56:37]} 21. Rdg1 {[%clk 0:47:46]} Nxf3
{[%clk 0:55:06]} 22. Rg7 {[%clk 0:47:48]} Nd4 {[%clk 0:53:22]} 23. Qg2
{[%clk 0:39:00]} Bxf5 {[%clk 0:29:40]} 24. Ne4 {[%clk 0:36:34]} Rg8
{[%clk 0:29:37]} 25. Nhg5 {[%clk 0:22:36]} Rxg7 {[%clk 0:21:13]} 26. hxg7+
{[%clk 0:22:44]} Kg8 {[%clk 0:21:39]} 27. Nxh7 {[%clk 0:17:02]} Bxg7
{[%clk 0:18:28]} 28. Rg1 {[%clk 0:15:53]} Qe7 {[%clk 0:17:41]} 29. Nef6+
{[%clk 0:16:18]} Kh8 {[%clk 0:17:37]} 30. Rh1 {[%clk 0:16:42]} Bh6+
{[%clk 0:15:02]} 31. Rxh6 {[%clk 0:16:50]} Qg7 {[%clk 0:15:30]} 32. Qh2
{[%clk 0:17:11]} Qe7 {[%clk 0:13:51]} 33. Nf8+ {[%clk 0:16:47]} Kg7
{[%clk 0:14:16]} 34. Rh7+ {[%clk 0:16:39]} Bxh7 {[%clk 0:14:11]} 35. Qxh7+
{[%clk 0:17:02]} Kxf6 {[%clk 0:14:35]} 36. Qg6# {[%clk 0:17:27]} 1-0

[Event "marquesdepombal"]
[Site "?"]
[Date "2024.10.05"]
[Round "4.2"]
[White "Goncalves, Samuel Jesus Pereira"]
[Black "Simoes, Miguel Patricio Caldeira"]
[Result "1/2-1/2"]
[LiveChessVersion "1.4.8"]
[BlackElo "2177"]
[WhiteElo "2240"]

1. e4 {[%clk 1:30:57]} e5 {[%clk 1:30:38]} 2. Nf3 {[%clk 1:31:16]} Nc6
{[%clk 1:31:03]} 3. Bc4 {[%clk 1:31:37]} Bc5 {[%clk 1:31:00]} 4. c3
{[%clk 1:31:59]} Nf6 {[%clk 1:31:25]} 5. d3 {[%clk 1:32:22]} Bb6 {[%clk 1:26:12]}
6. O-O {[%clk 1:32:17]} d6 {[%clk 1:24:04]} 7. Re1 {[%clk 1:32:12]} h6
{[%clk 1:22:26]} 8. b4 {[%clk 1:31:36]} O-O {[%clk 1:21:36]} 9. a4
{[%clk 1:31:52]} a5 {[%clk 1:20:07]} 10. b5 {[%clk 1:32:13]} Ne7 {[%clk 1:20:28]}
11. h3 {[%clk 1:32:14]} Ng6 {[%clk 1:17:28]} 12. Nbd2 {[%clk 1:27:17]} Nf4
{[%clk 0:57:13]} 13. Nf1 {[%clk 1:26:58]} N6h5 {[%clk 0:54:22]} 14. Be3
{[%clk 1:19:07]} Qf6 {[%clk 0:52:41]} 15. Ng3 {[%clk 1:13:47]} Bxe3
{[%clk 0:40:15]} 16. Rxe3 {[%clk 1:13:58]} Qg6 {[%clk 0:39:00]} 17. Kh2
{[%clk 1:03:02]} Nxg3 {[%clk 0:38:30]} 18. fxg3 {[%clk 1:03:22]} Nh5
{[%clk 0:38:53]} 19. Qe1 {[%clk 0:59:41]} Be6 {[%clk 0:38:33]} 20. Nh4
{[%clk 0:56:47]} Qg5 {[%clk 0:36:56]} 21. Bxe6 {[%clk 0:56:30]} fxe6
{[%clk 0:37:16]} 22. Ra2 {[%clk 0:56:06]} Rf7 {[%clk 0:32:25]} 23. Rf2
{[%clk 0:55:40]} Raf8 {[%clk 0:31:25]} 24. Rxf7 {[%clk 0:54:00]} Rxf7
{[%clk 0:31:40]} 25. Rf3 {[%clk 0:54:23]} Nf6 {[%clk 0:28:51]} 26. Rf2
{[%clk 0:50:01]} Qh5 {[%clk 0:26:27]} 27. Qe2 {[%clk 0:49:55]} Qxe2
{[%clk 0:26:14]} 28. Rxe2 {[%clk 0:50:21]} Nd7 {[%clk 0:26:39]} 29. d4
{[%clk 0:46:15]} Rf1 {[%clk 0:26:01]} 30. dxe5 {[%clk 0:43:39]} Nxe5
{[%clk 0:26:19]} 31. b6 {[%clk 0:44:04]} cxb6 {[%clk 0:26:03]} 32. Rd2
{[%clk 0:44:23]} g5 {[%clk 0:26:18]} 33. Rxd6 {[%clk 0:44:06]} gxh4
{[%clk 0:26:36]} 34. Rxb6 {[%clk 0:41:23]} hxg3+ {[%clk 0:26:24]} 35. Kxg3
{[%clk 0:41:51]} Rc1 {[%clk 0:26:19]} 36. Rxe6 {[%clk 0:41:30]} Rxc3+
{[%clk 0:26:07]} 37. Kf4 {[%clk 0:41:54]} Nd3+ {[%clk 0:24:39]} 38. Kf5
{[%clk 0:42:10]} Rc5+ {[%clk 0:23:29]} 39. e5 {[%clk 0:42:16]} b5
{[%clk 0:17:15]} 40. axb5 {[%clk 0:39:56]} Rxb5 {[%clk 0:17:39]} 41. Kf6
{[%clk 0:40:20]} Rb8 {[%clk 0:14:54]} 42. Re7 {[%clk 0:39:26]} Nf4
{[%clk 0:13:17]} 43. Rg7+ {[%clk 0:38:28]} Kh8 {[%clk 0:12:11]} 44. Rg4
{[%clk 0:36:40]} a4 {[%clk 0:11:35]} 45. Kf7 {[%clk 0:32:43]} Rb7+
{[%clk 0:09:55]} 46. Ke8 {[%clk 0:33:08]} Rb8+ {[%clk 0:05:39]} 47. Kf7
{[%clk 0:33:31]} Nd3 {[%clk 0:05:15]} 48. Rxa4 {[%clk 0:33:38]} Nxe5+
{[%clk 0:05:30]} 49. Kf6 {[%clk 0:33:50]} Nd7+ {[%clk 0:05:22]} 50. Kg6
{[%clk 0:32:50]} Rb6+ {[%clk 0:05:20]} 51. Kh5 {[%clk 0:32:14]} Kg7
{[%clk 0:05:33]} 52. Ra7 {[%clk 0:30:07]} Rb5+ {[%clk 0:05:31]} 53. Kh4
{[%clk 0:30:22]} Rd5 {[%clk 0:06:00]} 54. g4 {[%clk 0:30:14]} Kg6
{[%clk 0:06:06]} 55. Ra6+ {[%clk 0:29:08]} Nf6 {[%clk 0:06:03]} 56. Rb6
{[%clk 0:29:27]} Rd3 {[%clk 0:06:25]} 57. Ra6 {[%clk 0:29:31]} Rf3
{[%clk 0:06:19]} 58. Rb6 {[%clk 0:29:21]} Kf7 {[%clk 0:05:50]} 59. Ra6
{[%clk 0:28:51]} Rb3 {[%clk 0:05:14]} 60. Ra7+ {[%clk 0:28:26]} Ke6
{[%clk 0:05:37]} 61. Ra4 {[%clk 0:25:05]} Ke5 62. Ra1 {[%clk 0:18:45]} Rf3
{[%clk 0:04:10]} 63. Ra8 {[%clk 0:16:42]} Ne4 {[%clk 0:03:25]} 64. Re8+
{[%clk 0:16:24]} Kd4 {[%clk 0:03:34]} 65. Re6 {[%clk 0:15:09]} Nf2
{[%clk 0:02:42]} 66. Rxh6 {[%clk 0:15:28]} Rxh3+ {[%clk 0:03:05]} 67. Kg5
{[%clk 0:15:53]} Rg3 {[%clk 0:03:29]} 68. Kf4 {[%clk 0:15:32]} Ra3
{[%clk 0:03:46]} 69. Rd6+ {[%clk 0:13:59]} Kc5 70. Rd8 {[%clk 0:13:51]} Ra4+
{[%clk 0:04:28]} 71. Kf3 {[%clk 0:13:41]} Nxg4 {[%clk 0:04:50]} 72. Rc8+
{[%clk 0:14:01]} Kd5 {[%clk 0:05:46]} 73. Rd8+ {[%clk 0:14:09]} Ke5
{[%clk 0:06:15]} 74. Re8+ {[%clk 0:14:24]} Kf5 75. Rf8+ Nf6 {[%clk 0:06:35]} 76.
Ke3 {[%clk 0:15:01]} Ke5 77. Kd3 {[%clk 0:15:15]} Rd4+ {[%clk 0:07:06]} 78. Kc2
{[%clk 0:15:33]} Ne4 {[%clk 0:07:31]} 79. Kb3 {[%clk 0:15:26]} Rd3+
{[%clk 0:07:27]} 80. Kb4 {[%clk 0:15:31]} Nd6 {[%clk 0:07:42]} 81. Rh8
{[%clk 0:15:48]} Rd1 {[%clk 0:07:54]} 82. Kc3 {[%clk 0:15:02]} Ne4+
{[%clk 0:08:13]} 83. Kc2 {[%clk 0:15:15]} Rg1 {[%clk 0:08:41]} 84. Kd3
{[%clk 0:15:04]} Rd1+ {[%clk 0:08:59]} 85. Kc2 {[%clk 0:15:28]} Rd4
{[%clk 0:09:19]} 86. Kb3 {[%clk 0:15:41]} Rd7 {[%clk 0:09:24]} 87. Kc4
{[%clk 0:15:47]} Rc7+ {[%clk 0:09:45]} 88. Kd3 {[%clk 0:15:49]} Rc3+
{[%clk 0:10:09]} 89. Ke2 {[%clk 0:16:15]} Nf6 {[%clk 0:09:33]} 90. Kd2
{[%clk 0:16:37]} Ne4+ {[%clk 0:10:01]} 91. Ke2 {[%clk 0:16:59]} Ra3
{[%clk 0:09:53]} 92. Re8+ {[%clk 0:17:15]} Kd4 {[%clk 0:10:15]} 1/2-1/2

[Event "marquesdepombal"]
[Site "?"]
[Date "2024.10.05"]
[Round "4.3"]
[White "Araujo, Ricardo Franca Paulo Duarte"]
[Black "Monteiro, Paulo Alexandre Gomes"]
[Result "0-1"]
[LiveChessVersion "1.4.8"]
[BlackElo "2202"]
[WhiteElo "1963"]

1. e4 {[%clk 1:30:58]} c5 {[%clk 1:19:16]} 2. Nf3 {[%clk 1:31:13]} d6
{[%clk 1:19:38]} 3. Bb5+ {[%clk 1:31:29]} Bd7 {[%clk 1:20:00]} 4. a4
{[%clk 1:31:46]} a6 {[%clk 1:17:22]} 5. Bxd7+ {[%clk 1:32:01]} Qxd7
{[%clk 1:17:36]} 6. O-O {[%clk 1:32:20]} Nc6 {[%clk 1:17:04]} 7. c3
{[%clk 1:32:34]} Nf6 {[%clk 1:17:05]} 8. Re1 {[%clk 1:32:54]} e6 {[%clk 1:17:15]}
9. d4 {[%clk 1:33:00]} cxd4 {[%clk 1:16:43]} 10. cxd4 {[%clk 1:33:22]} d5
{[%clk 1:17:02]} 11. e5 {[%clk 1:33:28]} Ne4 {[%clk 1:17:20]} 12. Nbd2
{[%clk 1:33:34]} Nxd2 {[%clk 1:16:54]} 13. Bxd2 {[%clk 1:33:55]} Be7
{[%clk 1:16:49]} 14. Qe2 {[%clk 1:32:20]} O-O {[%clk 1:16:30]} 15. Reb1
{[%clk 1:27:50]} Nb4 {[%clk 1:02:05]} 16. Bxb4 {[%clk 1:23:43]} Bxb4
{[%clk 1:02:27]} 17. Ne1 {[%clk 1:23:32]} Bxe1 {[%clk 1:01:39]} 18. Qxe1
{[%clk 1:22:40]} Rfc8 {[%clk 1:01:49]} 19. b3 {[%clk 1:22:09]} Rc6
{[%clk 0:55:28]} 20. Rc1 {[%clk 1:15:59]} Rac8 {[%clk 0:55:40]} 21. g3
{[%clk 1:14:24]} Qc7 {[%clk 0:54:01]} 22. Rxc6 {[%clk 1:14:31]} Qxc6
{[%clk 0:54:25]} 23. Qe3 {[%clk 1:13:00]} h6 {[%clk 0:51:37]} 24. Rd1
{[%clk 1:11:38]} Qc2 {[%clk 0:47:21]} 25. Rd3 {[%clk 1:01:40]} Qb1+
{[%clk 0:43:48]} 26. Kg2 {[%clk 1:02:04]} Rc1 {[%clk 0:43:44]} 27. Rc3
{[%clk 0:53:03]} Rg1+ {[%clk 0:36:54]} 28. Kf3 {[%clk 0:53:11]} Qd1+
{[%clk 0:36:55]} 29. Qe2 {[%clk 0:53:01]} Qxd4 {[%clk 0:36:10]} 30. Rc8+
{[%clk 0:52:41]} Kh7 {[%clk 0:36:32]} 31. Qc2+ {[%clk 0:52:48]} g6
{[%clk 0:36:29]} 32. Rc7 {[%clk 0:52:39]} Kg8 {[%clk 0:27:52]} 33. Rxb7
{[%clk 0:49:35]} Qxe5 {[%clk 0:27:29]} 34. Rb4 {[%clk 0:48:29]} Qh5+
{[%clk 0:22:13]} 35. Rg4 {[%clk 0:46:10]} e5 {[%clk 0:21:05]} 36. h3
{[%clk 0:45:46]} e4+ {[%clk 0:21:15]} 37. Ke2 {[%clk 0:46:06]} Qxh3
{[%clk 0:16:25]} 38. Qc8+ {[%clk 0:46:22]} Kh7 {[%clk 0:16:48]} 39. Qd7
{[%clk 0:45:34]} Qf1+ {[%clk 0:16:58]} 40. Ke3 {[%clk 0:45:51]} Qe1+
{[%clk 0:14:19]} 41. Kf4 {[%clk 0:45:57]} Qxf2+ {[%clk 0:14:34]} 42. Ke5
{[%clk 0:46:20]} Qb2+ {[%clk 0:14:35]} 43. Kd6 {[%clk 0:46:38]} Qf6+
{[%clk 0:14:55]} 44. Kc7 {[%clk 0:46:46]} Rc1+ {[%clk 0:15:00]} 45. Kb7
{[%clk 0:46:35]} Rf1 {[%clk 0:10:24]} 46. b4 {[%clk 0:46:23]} e3 {[%clk 0:10:22]}
47. Rf4 {[%clk 0:46:20]} Rf2 48. Rf3 {[%clk 0:46:46]} Rxf3 {[%clk 0:10:44]} 0-1

[Event "marquesdepombal"]
[Site "?"]
[Date "2024.10.05"]
[Round "4.4"]
[White "Faryma, Matviy"]
[Black "Tenreiro, Manuel Costa Dias Torres"]
[Result "1-0"]
[LiveChessVersion "1.4.8"]
[BlackElo "1685"]
[WhiteElo "2115"]

1. e4 {[%clk 1:30:47]} e5 {[%clk 1:30:32]} 2. Bc4 {[%clk 1:29:40]} Nc6
{[%clk 1:29:49]} 3. d3 {[%clk 1:29:16]} d6 {[%clk 1:22:00]} 4. f4
{[%clk 1:26:03]} f5 {[%clk 1:19:25]} 5. Nf3 {[%clk 1:22:09]} h6 {[%clk 1:09:20]}
6. O-O {[%clk 1:20:54]} fxe4 {[%clk 1:05:35]} 7. dxe4 {[%clk 1:17:33]} Nge7
{[%clk 0:57:11]} 8. Nh4 {[%clk 1:09:45]} Qd7 {[%clk 0:53:41]} 9. f5
{[%clk 1:05:04]} d5 {[%clk 0:51:18]} 10. exd5 {[%clk 1:03:37]} Na5
{[%clk 0:51:28]} 11. Be2 {[%clk 1:03:44]} Qxd5 {[%clk 0:51:01]} 12. Bh5+
{[%clk 1:02:46]} Kd8 {[%clk 0:51:05]} 13. Bf7 {[%clk 0:52:55]} Qd6
{[%clk 0:48:28]} 14. Qh5 {[%clk 0:44:49]} Qb6+ {[%clk 0:45:35]} 15. Kh1
{[%clk 0:45:10]} Bd7 {[%clk 0:44:48]} 16. Rd1 {[%clk 0:45:27]} Kc8
{[%clk 0:40:22]} 17. Be6 {[%clk 0:45:01]} 1-0

[Event "marquesdepombal"]
[Site "?"]
[Date "2024.10.05"]
[Round "4.5"]
[White "Morais, Vitor Mestre"]
[Black "Ribeiro, Gustavo Martins Santos"]
[Result "0-1"]
[LiveChessVersion "1.4.8"]
[BlackElo "2235"]
[WhiteElo "1842"]

1. c4 {[%clk 1:29:03]} Nf6 {[%clk 1:30:39]} 2. Nc3 {[%clk 1:29:24]} c5
{[%clk 1:30:54]} 3. g3 {[%clk 1:29:45]} Nc6 {[%clk 1:31:20]} 4. Bg2
{[%clk 1:30:06]} g6 {[%clk 1:29:44]} 5. e3 {[%clk 1:30:29]} e6 {[%clk 1:28:39]}
6. Nge2 {[%clk 1:30:49]} Bg7 {[%clk 1:29:01]} 7. O-O {[%clk 1:31:08]} O-O
{[%clk 1:29:25]} 8. d4 {[%clk 1:31:32]} cxd4 {[%clk 1:29:50]} 9. Nxd4
{[%clk 1:31:41]} Nxd4 {[%clk 1:30:06]} 10. Qxd4 {[%clk 1:31:10]} Nd5
{[%clk 1:29:56]} 11. Qd3 {[%clk 1:31:29]} Nxc3 {[%clk 1:29:44]} 12. bxc3
{[%clk 1:31:50]} Qa5 {[%clk 1:30:12]} 13. Bd2 {[%clk 1:31:39]} Rb8
{[%clk 1:30:31]} 14. Qd6 {[%clk 1:31:46]} Be5 {[%clk 1:30:35]} 15. Qd3
{[%clk 1:31:24]} b6 {[%clk 1:30:14]} 16. Rfb1 {[%clk 1:31:06]} Ba6
{[%clk 1:30:33]} 17. f4 {[%clk 1:28:49]} Bg7 {[%clk 1:30:30]} 18. e4
{[%clk 1:26:33]} Rbc8 {[%clk 1:30:35]} 19. Rb4 {[%clk 1:26:45]} Rfd8
{[%clk 1:28:06]} 20. e5 {[%clk 1:17:33]} d5 {[%clk 1:26:46]} 21. exd6
{[%clk 1:15:27]} Bf8 {[%clk 1:26:47]} 22. Qc2 {[%clk 1:13:17]} Rxc4
{[%clk 1:26:12]} 23. Qb3 {[%clk 1:08:17]} Qc5+ {[%clk 1:23:44]} 24. Kh1
{[%clk 1:08:39]} Rxd6 {[%clk 1:23:52]} 25. Be1 {[%clk 1:06:22]} Bg7
{[%clk 1:21:08]} 26. Rc1 {[%clk 1:03:55]} h5 {[%clk 1:18:57]} 27. h4
{[%clk 1:01:20]} Bf8 {[%clk 1:17:20]} 28. Kh2 {[%clk 0:59:08]} Qe3
{[%clk 1:15:43]} 29. Qb2 {[%clk 0:57:48]} Bg7 {[%clk 1:14:46]} 30. Qc2
{[%clk 0:46:35]} Rxb4 {[%clk 1:12:12]} 31. cxb4 {[%clk 0:46:53]} Bd4
{[%clk 1:12:39]} 32. Bc3 {[%clk 0:46:16]} Bxc3 {[%clk 1:12:35]} 33. Qxc3
{[%clk 0:46:39]} Qxc3 {[%clk 1:13:03]} 34. Rxc3 {[%clk 0:46:58]} Rd2
{[%clk 1:13:31]} 35. Kg1 {[%clk 0:44:33]} Rxa2 {[%clk 1:13:23]} 36. Rc7
{[%clk 0:44:44]} Bb5 {[%clk 1:13:20]} 37. Bf3 {[%clk 0:42:42]} Kg7
{[%clk 1:12:23]} 38. g4 {[%clk 0:42:44]} Be2 {[%clk 1:12:14]} 39. Bxe2
{[%clk 0:42:53]} Rxe2 {[%clk 1:12:39]} 40. gxh5 {[%clk 0:43:12]} gxh5
{[%clk 1:12:49]} 41. Rxa7 {[%clk 0:39:55]} Re4 {[%clk 1:11:55]} 42. b5
{[%clk 0:40:17]} Rb4 {[%clk 1:12:09]} 43. f5 {[%clk 0:38:24]} exf5
{[%clk 1:12:31]} 44. Rc7 {[%clk 0:38:43]} Rxb5 {[%clk 1:12:52]} 45. Kg2
{[%clk 0:38:53]} Rb3 {[%clk 1:12:25]} 46. Rc6 {[%clk 0:38:52]} b5
{[%clk 1:12:38]} 47. Rc5 {[%clk 0:39:08]} Kg6 {[%clk 1:13:03]} 48. Rc6+
{[%clk 0:39:28]} f6 {[%clk 1:13:30]} 49. Rc7 {[%clk 0:39:42]} f4 {[%clk 1:13:54]}
50. Rc5 {[%clk 0:40:05]} b4 {[%clk 1:13:59]} 51. Rb5 {[%clk 0:40:27]} Rg3+
{[%clk 1:14:20]} 52. Kh2 {[%clk 0:40:41]} b3 {[%clk 1:14:46]} 53. Rc5
{[%clk 0:39:06]} Rg4 {[%clk 1:15:02]} 54. Kh3 {[%clk 0:39:06]} f3
{[%clk 1:15:28]} 0-1

[Event "marquesdepombal"]
[Site "?"]
[Date "2024.10.05"]
[Round "4.6"]
[White "Silva, Reinaldo Joao David"]
[Black "Gori, Andrea"]
[Result "1/2-1/2"]
[LiveChessVersion "1.4.8"]
[BlackElo "1978"]
[WhiteElo "1827"]

1. Nf3 {[%clk 1:30:18]} f5 {[%clk 1:29:16]} 2. d4 {[%clk 1:30:23]} Nf6
{[%clk 1:29:36]} 3. h4 {[%clk 1:28:08]} e6 {[%clk 1:27:29]} 4. c4
{[%clk 1:25:33]} d5 {[%clk 1:26:31]} 5. Nc3 {[%clk 1:24:52]} c6 {[%clk 1:26:22]}
6. e3 {[%clk 1:23:58]} Be7 {[%clk 1:26:32]} 7. Bd3 {[%clk 1:21:39]} O-O
{[%clk 1:26:17]} 8. O-O {[%clk 1:21:26]} Ne4 {[%clk 1:23:04]} 9. g3
{[%clk 1:19:06]} Nd7 {[%clk 1:22:49]} 10. Kg2 {[%clk 1:15:36]} Qc7
{[%clk 1:14:07]} 11. Rh1 {[%clk 1:05:23]} Bd6 {[%clk 1:02:43]} 12. Ne2
{[%clk 1:00:33]} Rf6 {[%clk 0:52:33]} 13. c5 {[%clk 0:55:28]} Be7
{[%clk 0:52:50]} 14. b4 {[%clk 0:53:22]} a5 {[%clk 0:46:11]} 15. b5
{[%clk 0:48:25]} e5 {[%clk 0:33:03]} 16. Bb2 {[%clk 0:43:23]} Rg6
{[%clk 0:28:08]} 17. h5 {[%clk 0:25:05]} Rh6 {[%clk 0:28:22]} 18. bxc6
{[%clk 0:25:05]} bxc6 {[%clk 0:26:20]} 19. dxe5 {[%clk 0:24:12]} Ndxc5
{[%clk 0:25:19]} 20. Nf4 {[%clk 0:22:03]} a4 {[%clk 0:23:58]} 21. Rc1
{[%clk 0:21:36]} Qa5 {[%clk 0:19:50]} 22. Bxe4 {[%clk 0:19:10]} fxe4
{[%clk 0:19:03]} 23. Nd4 {[%clk 0:19:12]} a3 {[%clk 0:15:51]} 24. Ba1
{[%clk 0:17:22]} Ba6 {[%clk 0:14:46]} 25. e6 {[%clk 0:16:32]} Nd3
{[%clk 0:10:17]} 26. Nxd3 {[%clk 0:04:38]} Bxd3 {[%clk 0:08:35]} 27. Qg4
{[%clk 0:03:58]} Bf8 {[%clk 0:04:59]} 28. e7 {[%clk 0:03:41]} Rf6
{[%clk 0:03:51]} 29. exf8=Q+ {[%clk 0:03:29]} Raxf8 {[%clk 0:04:07]} 30. Nf5
{[%clk 0:02:16]} Qc7 {[%clk 0:02:52]} 31. Bxf6 {[%clk 0:01:58]} Rxf6
{[%clk 0:03:14]} 32. Nd4 {[%clk 0:01:00]} h6 {[%clk 0:02:37]} 33. Rhd1
{[%clk 0:00:53]} Qf7 {[%clk 0:02:40]} 34. Rd2 {[%clk 0:01:17]} Qb7
{[%clk 0:02:01]} 35. Rc3 {[%clk 0:01:14]} c5 {[%clk 0:01:55]} 36. Nb3
{[%clk 0:01:21]} c4 {[%clk 0:02:03]} 37. Rdxd3 {[%clk 0:01:13]} exd3
{[%clk 0:02:10]} 38. Nc5 {[%clk 0:00:33]} Qb2 {[%clk 0:02:10]} 39. Qd4
{[%clk 0:00:34]} Rxf2+ {[%clk 0:01:56]} 40. Kh3 {[%clk 0:00:54]} Qe2
{[%clk 0:01:37]} 41. Qxd5+ {[%clk 0:01:02]} Kh8 {[%clk 0:01:39]} 42. Qa8+
{[%clk 0:01:19]} Kh7 {[%clk 0:01:45]} 43. Qe4+ {[%clk 0:01:48]} Kg8
{[%clk 0:01:15]} 44. Qe6+ {[%clk 0:01:29]} Kh8 {[%clk 0:01:07]} 45. Qe8+
{[%clk 0:01:36]} Kh7 {[%clk 0:01:31]} 46. Qe4+ {[%clk 0:01:58]} Kg8
{[%clk 0:01:36]} 1/2-1/2

[Event "marquesdepombal"]
[Site "?"]
[Date "2024.10.05"]
[Round "4.7"]
[White "Goncalves, Lucas Jordao"]
[Black "Godinho Marques, Pedro"]
[Result "1/2-1/2"]
[LiveChessVersion "1.4.8"]
[BlackElo "1835"]
[WhiteElo "1971"]

1. e4 e5 2. Nf3 Nc6 3. Bc4 Bc5 4. c3 Nf6 5. d3 d6 6. Nbd2 a5 7. O-O h6 8. Re1 Bg4
9. Nf1 Qc8 10. Be3 Bxf3 11. Qxf3 Qg4 12. Qxg4 Nxg4 13. Bxc5 dxc5 14. Bb5 O-O 15.
Bxc6 bxc6 16. f3 Nf6 17. Kf2 Rfd8 18. Ke2 Rab8 19. Rab1 Nd7 20. Nd2 a4 21. Nc4
Rb5 22. Kd2 f6 23. Kc2 Ra8 24. g3 Nb6 25. Ne3 Nd7 26. Rf1 Rbb8 27. f4 Re8 28. Nc4
Nb6 29. Ne3 Nd7 30. Rf2 Nb6 31. Rbf1 Rad8 32. fxe5 Rxe5 33. Rf5 c4 34. Rd1 cxd3+
35. Rxd3 Rde8 36. Rxe5 Rxe5 37. Rd8+ Kf7 38. Kd3 Rb5 39. Kc2 Re5 40. Kd3 Rb5 41.
Nd1 Rh5 42. h4 g5 43. hxg5 Rxg5 44. Rb8 Rxg3+ 45. Ke2 Rg2+ 46. Nf2 Rg8 47. Rb7
Rc8 48. b3 axb3 49. axb3 Ke6 50. Ke3 h5 51. Ra7 Kd6 52. Ra1 Rg8 53. Rd1+ Ke6 54.
Nd3 h4 55. Rh1 Rh8 56. Nf4+ Kf7 57. Rh3 Nd7 58. Ng2 Nc5 59. b4 Na4 60. Kd3 Ke6
61. Rxh4 Rxh4 62. Nxh4 Nb6 63. Nf3 Kd6 64. Kd4 Nd7 65. Nh4 c5+ 66. bxc5+ Nxc5 67.
Nf5+ Kc6 68. Ne7+ Kd6 69. Nc8+ Kc6 70. Ne7+ Kd6 71. Nd5 Ne6+ 72. Ke3 Ke5 73. Ne7
Kd6 74. Nf5+ Ke5 75. Nh6 Ng5 76. Ng4+ Ke6 77. Nf2 Ke5 1/2-1/2

[Event "marquesdepombal"]
[Site "?"]
[Date "2024.10.05"]
[Round "4.8"]
[White "Neto, Dinis Fonseca"]
[Black "Goncalves, Diogo Figueiredo"]
[Result "1/2-1/2"]
[LiveChessVersion "1.4.8"]
[BlackElo "1968"]
[WhiteElo "1792"]

1. e4 c5 2. Nf3 d6 3. d4 cxd4 4. Nxd4 Nf6 5. Nc3 a6 6. Be3 e5 7. Nb3 Be7 8. Be2
Be6 9. O-O Nbd7 10. a4 O-O 11. Qd2 Qc7 12. Nd5 Bxd5 13. exd5 Nb6 14. Bxb6 Qxb6
15. a5 Qc7 16. Ra4 Nd7 17. Rc4 Qd8 18. f4 f5 19. Qb4 Rb8 20. fxe5 Nxe5 21. Rcf4
Qd7 22. Nd4 Bg5 23. Rxf5 Be3+ 24. Kh1 Bxd4 25. Rxf8+ Rxf8 26. Rxf8+ Kxf8 27. Qxd4
Qc7 28. Qf4+ Kg8 29. Bg4 Nxg4 30. Qxg4 Qe7 31. Qc8+ Kf7 32. Qf5+ Ke8 33. h3 g6
34. Qc8+ Kf7 35. Qc3 h5 36. Qb4 Ke8 37. Qd2 Qe5 38. c3 h4 39. b4 Ke7 40. Kg1 g5
41. c4 Kd7 1/2-1/2

[Event "marquesdepombal"]
[Site "?"]
[Date "2024.10.05"]
[Round "4.9"]
[White "Assuncao, Francisco Daniel Costa"]
[Black "Almeida, Marta Dias"]
[Result "1-0"]
[LiveChessVersion "1.4.8"]
[BlackElo "1807"]
[WhiteElo "1967"]

1. e4 {[%clk 1:26:43]} c6 {[%clk 1:30:48]} 2. Nc3 {[%clk 1:26:29]} d5
{[%clk 1:31:12]} 3. Nf3 {[%clk 1:26:29]} Bg4 {[%clk 1:31:18]} 4. h3
{[%clk 1:26:51]} Bxf3 {[%clk 1:31:33]} 5. Qxf3 {[%clk 1:27:13]} e6
{[%clk 1:30:39]} 6. d3 {[%clk 1:27:17]} Nd7 {[%clk 1:29:58]} 7. Bd2
{[%clk 1:26:20]} Ngf6 {[%clk 1:27:49]} 8. g4 {[%clk 1:23:40]} Bd6
{[%clk 1:23:17]} 9. g5 {[%clk 1:22:46]} Ne5 {[%clk 1:12:44]} 10. Qe2
{[%clk 1:14:28]} d4 {[%clk 1:08:50]} 11. Nd1 {[%clk 1:08:05]} Nfd7
{[%clk 1:02:38]} 12. f4 {[%clk 1:06:19]} Ng6 {[%clk 1:02:01]} 13. f5
{[%clk 1:03:21]} exf5 {[%clk 1:01:45]} 14. exf5+ {[%clk 1:03:35]} Nge5
{[%clk 1:00:07]} 15. Nf2 {[%clk 1:02:21]} Qc7 {[%clk 0:57:14]} 16. O-O-O
{[%clk 1:00:51]} O-O-O {[%clk 0:54:59]} 17. Ne4 {[%clk 1:00:34]} Rde8
{[%clk 0:51:55]} 18. Qf2 {[%clk 0:58:06]} Nc5 {[%clk 0:46:07]} 19. Qxd4
{[%clk 0:54:00]} Nxe4 {[%clk 0:44:34]} 20. Qxe4 {[%clk 0:53:28]} c5
{[%clk 0:41:18]} 21. Qa4 {[%clk 0:49:40]} Nf3 {[%clk 0:39:24]} 22. Bc3
{[%clk 0:48:27]} Bf4+ {[%clk 0:38:12]} 23. Kb1 {[%clk 0:48:18]} Bd2
{[%clk 0:33:35]} 24. Bxg7 {[%clk 0:43:47]} Rhg8 {[%clk 0:33:15]} 25. Bg2
{[%clk 0:43:59]} Qf4 {[%clk 0:32:20]} 26. Qxf4 {[%clk 0:38:06]} Bxf4
{[%clk 0:32:43]} 27. Bxf3 {[%clk 0:38:30]} Rxg7 {[%clk 0:32:53]} 28. h4
{[%clk 0:38:15]} h6 {[%clk 0:32:29]} 29. f6 {[%clk 0:37:51]} Rh7 {[%clk 0:32:03]}
30. Be4 {[%clk 0:37:28]} Rhh8 {[%clk 0:32:15]} 31. Rhg1 {[%clk 0:34:52]} hxg5
{[%clk 0:31:55]} 32. hxg5 {[%clk 0:34:58]} Rhg8 {[%clk 0:31:04]} 33. g6
{[%clk 0:34:50]} 1-0